| 000 | 00593cam a22002171 4500 | ||
|---|---|---|---|
| 001 | 9228850 | ||
| 005 | 20180129084951.0 | ||
| 008 | 780112s1933 xx 000 0 eng | ||
| 010 | _a 34009640 | ||
| 035 | _a(OCoLC)3552455 | ||
| 040 |
_aDLC _cOKentU _dDLC |
||
| 041 | _aeng | ||
| 042 | _apremarc | ||
| 080 | _a820.822 GER | ||
| 082 | _a820.822 GER | ||
| 100 | 1 | _a21 | |
| 101 | _aGJL | ||
| 245 | 1 | 0 |
_aOld English and medieval literature, _cselected and edited by Gordon Hall Gerould ... revised and enlarged. |
| 906 |
_a7 _bcbc _coclcrpl _du _encip _f19 _gy-gencatlg |
||
| 942 |
_2ddc _cBK |
||
| 999 |
_c41193 _d41193 |
||